Random Trivia True or False Quiz Stats

 Plays Quiz not verified by Sporcle

Challenge
Share
Tweet
Embed
Score 0/16 Timer 05:00
0 Plays Today
Hint Answer % Correct
????
100%
????
84.9%
????
75.3%
????
62.5%
????
55.4%
????
34.7%
????
29.9%
????
19.5%
Hint Answer % Correct
????
15.9%
????
13.1%
????
10.8%
????
7.2%
????
6.4%
????
4.8%
????
3.2%
????
3.2%

You're not logged in!

Compare scores with friends on all Sporcle quizzes.
Join for Free
OR
Log In

You Might Also Like...

Show Comments

Extras

Created Feb 14, 2014SourceReportNominate
Tags:True or False

Top Quizzes Today


Score Distribution

Your Account Isn't Verified!

In order to create a playlist on Sporcle, you need to verify the email address you used during registration. Go to your Sporcle Settings to finish the process.

Report this User

Report this user for behavior that violates our Community Guidelines.

Details: